Introduction to languages and the theory of computation (Record no. 167043)

MARC details
000 -LEADER
fixed length control field 00395nam a2200145Ia 4500
008 - FIXED-LENGTH DATA ELEMENTS--GENERAL INFORMATION
fixed length control field 231217s9999 xx 000 0 und d
041 ## - LANGUAGE CODE
Language code of text/sound track or separate title English
082 ## - DEWEY DECIMAL CLASSIFICATION NUMBER
Classification number 001.6424 MAR;1 `R1'
100 ## - MAIN ENTRY--PERSONAL NAME
Personal name Martin, John C
245 #0 - TITLE STATEMENT
Title Introduction to languages and the theory of computation
260 ## - PUBLICATION, DISTRIBUTION, ETC.
Date of publication, distribution, etc. 1998
Name of publisher, distributor, etc. New Delhi : TMH,
300 ## - PHYSICAL DESCRIPTION
Extent xiv+450
650 ## - SUBJECT ADDED ENTRY--TOPICAL TERM
Topical term or geographic name entry element Languages, Computation
942 ## - ADDED ENTRY ELEMENTS (KOHA)
Koha item type Books
Holdings
Date last seen Total checkouts Full call number Accession number Cost, total (INR) price Price effective from Category Lost status Damaged status Department Withdrawn status Home library Current library Shelving location Entry date Vendor Cost, normal purchase price Grants Billnumber Billdate Currency symbol Conversion rate Discount Old discount Public note
26/01/2024   001.6424 MAR;1 `R1' 15336 157.25 26/01/2024 Books     Central Library   Central Library Central Library Library Annex 25/05/2000 Sapna Book House 185.00 MCA 3438 25/03/2003 RS 1 27.75 15  
26/01/2024   001.6424 MAR;2 15337 157.25 26/01/2024 Books     Central Library   Central Library Central Library   25/05/2000 Sapna Book House 185.00 MCA 3438 25/03/2003 RS 1 27.75 15  
26/01/2024   001.6424 MAR;3 17788 417.26 26/01/2024 Books     Central Library   Central Library Central Library   27/07/2001 Sapna Book House 490.90 MCA   13/02/2004 RS 1 73.64 15 Cost of the xerox & binding charges has been taken
26/01/2024   001.6424 MAR;4 17789 417.26 26/01/2024 Books     Central Library   Central Library Central Library   27/07/2001 Sapna Book House 490.90 MCA   13/02/2004 RS 1 73.64 15  

© For any Suggestions or Query, please contact the library staff @ librarian@pes.edu or Phone: +9180 2672 1983/ 2108.